Đang tải...

Macmillan studies in economics : poverty /

Chi tiết về thư mục
Tác giả chính: Jackson, Dudley
Định dạng: Printed Book
Ngôn ngữ:English
Được phát hành: London : Macmillan, 1972.
LEADER 00498nam a22001457a 4500
008 170821b xxu||||| |||| 00| 0 eng d
999 |c 164386  |d 164386 
020 |a . 
082 |a 363.8  
100 |a Jackson, Dudley 
245 |a Macmillan studies in economics :   |b poverty /  |c Dudley Jackson 
260 |b Macmillan,  |c 1972.  |a London : 
300 |a 88 p. 
942 |c BK 
952 |0 0  |1 0  |4 0  |6 363_800000000000000_JAC_M  |7 0  |8 SEC  |9 180684  |a CMS  |b CMS  |c ST1  |d 2017-08-21  |i 2858  |l 0  |o 363.8 JAC/M  |p CMS2858  |r 2017-08-21  |w 2017-08-21  |y BK